Statistics for Test Cricket Top 50 Wicket Takers

Click here to take the quiz!

General Stats

  • This quiz has been taken 36 times
  • The average score is 30 of 50

Answer Stats

Country/WicketsName% Correct
Australia - 708Shane Warne
100%
England - 564*James Anderson
94%
Sri Lanka - 800Muttiah Muralitharan
91%
Australia - 563Glenn Mcgrath
91%
England - 433*Stuart Broad
88%
India - 434Kapil Dev
85%
Pakistan - 414Wasim Akram
82%
England - 383Ian Botham
82%
West Indies - 405Curtly Ambrose
82%
Australia - 310Brett Lee
82%
South Africa - 421*Dale Steyn
82%
New Zealand - 431Richard Hadlee
82%
India - 619Anil Kumble
79%
India - 417Harbajhan Singh
79%
South Africa - 421Shaun Pollock
79%
Australia - 313Mitchell Johnson
76%
West Indies - 519Courtney Walsh
76%
India - 311Zaheer Khan
74%
West Indies - 376Malcolm Marshall
74%
Pakistan - 373Waqar Younis
74%
Pakistan - 362Imran Khan
74%
South Africa - 390Makhaya Ntini
71%
Australia - 355Dennis Lillee
71%
Sri Lanka - 355Chaminda Vaas
68%
South Africa - 330Allan Donald
68%
Sri Lanka - 430*Rangana Herath
62%
India - 336*Ravi Ashwin
59%
Australia - 318*Nathan Lyon
59%
New Zealand - 362Daniel Vettori
59%
South Africa - 292Jacques Kallis
56%
England - 325Bob Willis
56%
South Africa -309Morne Morkel
53%
West Indies - 249Michael Holding
53%
West indies - 259Joel Garner
53%
England - 255Graeme Swann
50%
Australia - 259Jason Gillespie
47%
England - 307Fred Trueman
47%
India - 236Javagal Srinath
41%
Australia - 248Richie Benaud
41%
West Indies - 309Lance Gibbs
38%
India - 266Bishan Singh Bedi
38%
Australia - 291Craig McDermott
35%
England - 297Derek Underwood
35%
England - 248Matthew Hoggard
35%
India - 256Ishant Sharma
15%
England - 252Brian Statham
12%
Australia - 246Graham Mckenzie
12%
India - 242B.S Chandrasekhar
9%
England - 236Alec Bedser
9%
Pakistan - 261Danish Kaneira
0%

Score Distribution

Percentile by Number Answered

Percent of People with Each Score

Your Score History

You have not taken this quiz